Vista normal
Vista MARC
Entrada Nombre Corporativo
Número de registros utilizados en: 1
001 - NUMERO DE CONTROL
- control field: 27460
003 - CONTROL NUMBER IDENTIFIER
- control field: AR-RoUNA
005 - FECHA Y HORA DE LA ÚLTIMA TRANSACCIÓN
- control field: 20250929125537.0
008 - ELEMENTOS DE DATOS DE LONGITUD FIJA
- fixed length control field: 250929|| aca||aabn | a|a d
040 ## - FUENTE DE CATALOGACIÓN
- Original cataloging agency: AR-RoUNA
- Transcribing agency: AR-RoUNA
110 ## - NOMBRE CORPORATIVO
- Nombre corporativo: Argentina. SAnta Fe. Municipalidad de Granadero Baigorria
670 ## - SOURCE DATA FOUND
- Source citation: Work cat.: (AR-RoUNA)12140: Argentina. SAnta Fe. Municipalidad de Granadero Baigorria, Transformaciones en el Sistema Urbano- Territorial: La provincia de Santa Fe en el umbral del siglo XXI :, 2008.